| 000 | 02057nam a2200253Ia 4500 | ||
|---|---|---|---|
| 005 | 20210617135012.0 | ||
| 008 | 130821s1894 sp fr 1 spa | ||
| 040 |
_aCo-BoUCM _bspa _cSandra Yazo (modificó) _dSandra Yazo (modificó) |
||
| 041 | 0 | 0 | _aspa |
| 082 | 0 | 4 |
_a980 _220 |
| 092 | _aE58N014 | ||
| 245 | 0 | 0 |
_aTres tratados de América _bSiglo XVIII |
| 260 |
_aMadrid (España) _bLibreria Victoriano Suárez ; Imprenta de F. Nozal _c1894 |
||
| 300 |
_a255 páginas _c17,5 x 11,5 cm. |
||
| 500 | _aDetalles físicos: Encuadernación rígida, en cartón forrado en papel, lomo en tela y adornos en dorado. Guardas con nota de donación María Clara Guillen, Julio 1 de 2010. Portada impresa en una sola inta con un escudo, anotación manuscrita. Cenefas y remates sencillos. Texto impreso en una columna. Papel oxidado. Bordes de tapas deteriorados. | ||
| 505 | _aPrimer tratado: Advertencia ; Relación histórica, política y moral de la ciudad de Cuenca, población y hermosura de su provincia escrita por mandato de … Virrey de Nuevo Reino de Granada, informando el verdadero estado, número y calidad jurisdicción y nombres de sus pueblos, con noticias particulares de la naturaleza ; Planta, situación, temperamento y vecindario de la Ciudad de Cuenca ; Las dos divisiones de la provincia de Cuenca ; Examen de las minas de plata de Cuenca y Quito ; Causa de la destrucción de indios con perjuicio de la Real Hacienda, su reparo y sus aumentos -- Segundo Tratado: El estado y gobernación política y militar de la jurisdicción de Quito en 1754 -- Tratado tercero: Diario de todo lo ocurrido en la expugnación de Bocachica y sitio de Cartagena de Indias, 1741 ; Biografía del general Blas de Leso | ||
| 506 | _aConsulta en sala | ||
| 651 | 0 | 4 |
_aAmérica _xHistoria _ySiglo XVIII _926749 |
| 651 | 0 | 4 |
_aEcuador _xHistoria _995862 |
| 651 | 0 | 4 |
_aEcuador _xVida social y costumbres _926934 |
| 651 | 0 | 4 |
_aCartagena (Colombia _xHistoria _y1741 _9103863 |
| 690 |
_aHistoria de América _916931 |
||
| 942 |
_cLIBRO _a21 _e1 _2LOCAL _hE58N014 |
||
| 999 |
_c79177 _d79177 |
||